LEADER 00752nam0-22002891i-450- 001 990002556530403321 035 $a000255653 035 $aFED01000255653 035 $a(Aleph)000255653FED01 035 $a000255653 100 $a20000920d1968----km-y0itay50------ba 101 0 $aENG 200 1 $aProbability$fSeymour Lipschutz. 210 $aNew York$cMcGraw-Hill$d1968. 215 $a153 p.$d28 cm 300 $a500 solved problems 610 0 $aLibri di testo ed eserciziari 676 $a510 700 1$aLipschutz,$bSeymour$01221 801 0$aIT$bUNINA$gRICA$2UNIMARC 901 $aBK 912 $a990002556530403321 952 $aMXXVII-A-227$b1807$fMAS 959 $aMAS 996 $aProbability$929045 997 $aUNINA DB $aING01 LEADER 00734nam a2200229 i 4500 001 991004280235407536 005 20230616113303.0 008 230616s|||| it ||| | grc 020 $a881717226X 040 $aBibl. Dip.le Aggr. Studi Umanistici - Sez. Filologia Classica$bita 100 1 $aPindarus$0152794 245 10$aOlimpiche /$cPindaro ; introduzione, traduzione e note di Franco Ferrari 250 $a1. ed 260 $aMilano :$bBiblioteca Universale Rizzoli,$c1998 300 $a205 p. ;$c18 cm. 490 0 $aBUR classici greci e latini ;$vL 1226 500 $aTesto greco a fronte 650 4$aPindaro 700 1 $aFerrari, Franco 912 $a991004280235407536 996 $aOlympionicai$919174 997 $aUNISALENTO